Disagio sociale e marginalita nella citta di Bologna /
Guardat en:
| Autor corporatiu: | , |
|---|---|
| Altres autors: | , |
| Format: | Llibre |
| Idioma: | italià |
| Publicat: |
[S.l. :
s.n.,
2005?]
|
| Etiquetes: |
Sense etiquetes, Sigues el primer a etiquetar aquest registre!
|
MARC
| LEADER | 00000nam a22000007i 4500 | ||
|---|---|---|---|
| 001 | IT\ICCU\UBO\3006052 | ||
| 003 | ItRI | ||
| 005 | 20260115232415.0 | ||
| 008 | 060824s2005 it |||||| ||||| |||||c | ||
| 040 | |b ita |c importazione bologna sebina | ||
| 041 | 7 | |a ita |2 ISO-639-2 | |
| 110 | 2 | |a Osservatorio Epidemiologico Metropolitano Dipendenze Patologiche |0 IT\ICCU\RERV\040871 |4 aut | |
| 245 | 0 | 0 | |a Disagio sociale e marginalita nella citta di Bologna / |c Servizio sanitario regionale Emilia Romagna, Azienda unita sanitaria locale di Bologna, Osservatorio epidemiologico metropolitano dipendenza patologiche; Comune di Bologna, Settore servizi sociali ; a cura di Raimondo Maria Pavarin, Vladimiro Albertazzi. |
| 260 | |a [S.l. : |b s.n., |c 2005?] |e (Bologna : |f Centro stampa AUSL) | ||
| 300 | |a 58 p. ; |c 24 cm | ||
| 500 | |a Dalla cop. | ||
| 700 | 1 | |a Pavarin, Raimondo Maria |0 IT\ICCU\RERV\026987 | |
| 700 | 1 | |a Albertazzi, Vladimiro |0 IT\ICCU\UBOV\544679 | |
| 710 | 2 | |a Bologna. |b Settore servizi sociali |0 IT\ICCU\UBOV\045301 |4 aut | |
| 942 | |2 ddc |c BK |n 0 | ||
| 952 | |0 0 |1 0 |4 0 |6 DOC_362_945000000000000_PAV |7 0 |9 25449 |a BO |b BO |d 2026-01-15 |i 10086 |l 0 |o DOC 362.945 PAV |p BO10086 |r 2026-01-15 23:24:15 |w 2026-01-15 |x [Sebina 7] [1 v.] |y BK |z 1 v. | ||
| 999 | |c 21608 |d 21608 | ||